| 000 | 01138cam a2200265 a 4500 | ||
|---|---|---|---|
| 999 |
_c16446 _d16446 |
||
| 008 | 010308s2002 njua b 001 0 eng | ||
| 010 | _a 2001021518 | ||
| 020 | _a0130325384 | ||
| 050 | 0 | 0 |
_aGE105 _b.N42 2002 |
| 100 | 1 | _aWright, Richard T., | |
| 245 | 1 | 0 |
_aEnvironmental science : _btoward a sustainable future / _cRichard T. Wright, Bernard J. Nebel. |
| 250 | _a8th ed. | ||
| 260 |
_aUpper Saddle River, N.J. : _bPrentice Hall, _cc2002. |
||
| 300 |
_axxi, 681 p. : _bcol. ill. ; _c29 cm. |
||
| 504 | _aIncludes bibliographical references (p. 631-644) and index. | ||
| 650 | 0 |
_aEnvironmental sciences _vTextbooks. |
|
| 700 | 1 | _aNebel, Bernard J. | |
| 942 |
_2lcc _cBOOKS _hGE105 .N42 2002 |
||